New Zealand in the making ; a study of economic and social development.

Bibliographic Details
Main Author: Condliffe, J. B. (John Bell), 1891-1981
Format: Book
Language:English
Published: London : Allen & Unwin, [1959]
Edition:[2d rev. ed.].
Subjects:

MARC

Tag First Indicator Second Indicator Subfields
LEADER 00000cam a2200000 4500
001 in00000064420
005 20151008051810.0
008 750808s1959 enka b 00000 eng
010 |a  59002797  
035 |a (OCoLC)01526531 
035 |9 AAH0050AM 
040 |a DLC  |c FNP  |d TXA  |d UtOrBLW 
049 |a TXAM  |c [310263] 
050 0 0 |a HC622  |b .C6 1959 
082 0 |a 330.9931 
092 |a 330.9931  |b C745n, 1959 
100 1 |a Condliffe, J. B.  |q (John Bell),  |d 1891-1981. 
245 1 0 |a New Zealand in the making ;  |b a study of economic and social development. 
250 |a [2d rev. ed.]. 
264 1 |a London :  |b Allen & Unwin,  |c [1959] 
300 |a 316 pages :  |b illustrations ;  |c 23 cm. 
336 |a text  |b txt  |2 rdacontent 
337 |a unmediated  |b n  |2 rdamedia 
338 |a volume  |b nc  |2 rdacarrier 
504 |a Includes bibliography. 
651 0 |a New Zealand  |x Economic conditions. 
651 0 |a New Zealand  |x Social conditions. 
651 0 |a New Zealand  |x Politics and government. 
999 |a MARS 
999 f f |s 2bcdcbd5-9091-39e5-a547-aac3fa883f8a  |i cd648a40-5b0c-387c-a959-f4bef71cee82  |t 0 
952 f f |p ric  |a Texas A&M University  |b Rellis Campus  |c Joint Library Facility  |d Remote Storage  |t 0  |e HC622 .C6 1959  |h Library of Congress classification  |i unmediated -- volume  |m A14800710759 
998 f f |a HC622 .C6 1959  |t 0  |l Remote Storage